Statistics for [路線図付き] 宇都宮ライトレール ライトライン(芳賀・宇都宮LRT) 駅名穴埋めクイズ

Click here to take the quiz!

General Stats

  • This quiz has been taken 20 times
  • The average score is 13 of 19

Answers on the Map

Answers color-coded by a green-red scale on the quiz's map according to % correct below.
 

Answer Stats

Answer% Correct
ライトライン01宇都宮駅東口
100%
ライトライン07平石
83%
ライトライン06宇都宮大学陽東キャンパス
78%
ライトライン02東宿郷
78%
ライトライン19芳賀・高根沢工業団地
78%
ライトライン12グリーンスタジアム前
72%
ライトライン13ゆいの杜西
72%
ライトライン14ゆいの杜中央
72%
ライトライン15ゆいの杜東
72%
ライトライン04
67%
ライトライン09飛山城跡
67%
ライトライン03駅東公園前
67%
ライトライン08平石中央小学校前
61%
ライトライン11清原地区市民センター前
56%
ライトライン16芳賀台
56%
ライトライン18かしの森公園前
56%
ライトライン17芳賀町工業団地管理センター前
50%
ライトライン05陽東3丁目
50%
ライトライン10清陵高校前
39%

Score Distribution

Percentile by Number Answered

Percent of People with Each Score

Your Score History

You have not taken this quiz